| 000 | 00619nam a2200217 a 4500 | ||
|---|---|---|---|
| 001 | BRCA_3816 | ||
| 005 | 20190320204433.0 | ||
| 008 | 291109s1921----mx-a######---#000-0#spa-# | ||
| 041 | _aspa | ||
| 044 | _amx | ||
| 050 | 4 |
_aF1226 _b.R33 1921 |
|
| 100 | 1 |
_aRabasa, Emilio _d1856-1930. _99943 |
|
| 245 | 1 | 0 |
_aLa evolución histórica de México _cEmilio Rabasa. |
| 260 |
_aParís : México _bLibrería de la Vda. de Ch. Bouret _c1921 |
||
| 300 |
_avi, 349 p. _bil. _c20 cm. |
||
| 500 | _aB171 | ||
| 650 | 1 | 4 |
_aMéxico _eHistoria. _94504 |
| 650 | 1 | 4 |
_aMéxico _ePolítica y gobierno. _94504 |
| 902 | _aGFM | ||
| 942 |
_2lcc _cB |
||
| 999 |
_c3545 _d3545 |
||